• 首页
  • 本馆介绍
  • 公告通知
  • 最新文献
  • 馆藏检索
  • 电子资源
  • 读者导购
  • 参考咨询
  • 我的图书馆
  • 登录
  • 详细信息显示
  • 放入我的书架
  • 预约/预借图书
  • 作者相关作品
  • 分类相关作品
  • 丛书相关作品
  • 出版社相关作品

书目信息

  • 表格格式
  • 工作单格式
  • 卡片格式
题名:
长度计量分册
    
 
作者: 国家计量局量值传递处 编
分册:  
出版信息: 北京   计量出版社  1983.8
页数: 126页
开本: 26cm
丛书名:
单 册:
中图分类: TB9
科图分类:
主题词: 计量学
电子资源:
ISBN:
000 00591nam0 2200193 45
001 0312221749
005 20031222170909.9
010    @dCNY1.50
100    @a20031222d1983 km y0chiy0120 ea
101    @achi
105    @a z 000yy
200 1  @a长度计量分册@AChang Du Ji Liang Fen Ce@f国家计量局量值传递处编@FGuo Jia Ji Liang Ju Liang Zhi Chuan Di Chu Bian@e计量技术考核纲要
210    @a北京@c计量出版社@d1983.8
215    @a126页@d26cm
606 0  @a计量学
690    @aTB9@v3
701 0  @a国家计量局量值传递处@4编
801    @aCN@bTSTCL@c20031222
905    @a213230@dTB9@e7:1@b164521-523@f3
    
    长度计量分册/国家计量局量值传递处编:计量技术考核纲要.-北京:计量出版社,1983.8
    126页;26cm
    
    
    ISBN :CNY1.50
    
●
相关链接 在E读中查询图书 在五车中查询图书 在当当中查询图书 在豆瓣中查询图书


正题名:长度计量分册     索取号:TB9/7:1         预约/预借

序号 登录号 条形码 馆藏地/架位号 状态 备注
1 0164521   001361555   密集书库/ [索取号:TB9/7:1] 在馆    
2 0164522   001361591   第三借阅区/ [索取号:TB9/7:1] 在馆    
3 0164523   001361635   第二样本阅览室/ [索取号:TB9/7:1] 在馆    
唐山师范学院图书馆 欢迎您!
大连网信软件有限公司© 版权所有